| 000 | 00673nam a2200181 i 4500 | ||
|---|---|---|---|
| 001 | 129442 | ||
| 003 | ES-MaACL | ||
| 005 | 20230906193512.0 | ||
| 007 | t| | ||
| 008 | 070614s1913 sp ||||1| spa d | ||
| 100 | 1 |
_aTerry y Rivas, Antonio. _9109807 |
|
| 245 | 1 | 0 |
_aEjercicios de aritmética _b: parte originales y parte escogidos de los principales autores que tratan de la materia / _cpor Antonio Terry y Rivas. |
| 250 |
_a10ª ed. _baumentada con numerosos ejercicios de números aproximados por M. Durán. |
||
| 260 |
_aMadrid : _bNicolas Moya, _c1913. |
||
| 300 |
_a316 p. ; _c21 cm. |
||
| 700 | 1 |
_aDurán Walkiushaw, Miguel. _946239 |
|
| 852 |
_aES-MaACL _jA-1197 |
||
| 999 |
_c129442 _d129442 |
||